000 00798nam a22001935i 4500
001 162976
003 ES-MaACL
005 20230906212636.0
008 010517s1879 fr |||| | fre d
040 _aCCPB | B
_bspa
_cCCPB | B
100 1 _aRattazzi, Marie Laetitia Studolmine.
_9131619
245 1 3 _aLe Portugal a vol d'oiseau
_b: portugais et portugaises /
_cPrincesse Rattazzi.
260 _aParis :
_bA. Degorce-Cadot, éditeur,
_c[s.a.] (
_fF. Aureau)
300 _aXIX, 415 p. ;
_c18 cm.
596 1 _aPrefacio fechado en "Saint-Sébastien, 1\per\s novembre 1879"
651 0 4 _aPortugal-
_xDescripción.
_99251
752 _aFrancia -
_dParís
852 _aES-MaACL
_jG-7849
_z-- Enc. pasta española
_x-- Edic.: En verso de la antep. consta el imp.:( Imprimerie de Lagny : F. Aureau)
999 _c162976
_d162976